Poesía completa

Gespeichert in:
Bibliographische Detailangaben
1. Verfasser: Whitman, Walt
Format: Buch
Sprache:Undetermined
Veröffentlicht: Barcelona, España Río Nuevo 1986
Schlagworte:
Tags: Tag hinzufügen
Keine Tags, Fügen Sie den ersten Tag hinzu!

MARC

LEADER 00000nam a2200000Ia 4500
008 170316s9999 xx 000 0 und d
040 |a cru BVZT 
090 |a 810 W-24p v.1 
100 |a Whitman, Walt 
245 |a Poesía completa 
260 |a Barcelona, España 
260 |b Río Nuevo 
260 |c 1986 
300 |a 263 páginas Tomo I 
650 |a LITERATURA ESTADOUNIDENSE 
650 |a POESÍA 
999 |c 6262  |d 6262 
942 |c 15 D  |h 810 W-24p v.1  |2 z